| 000 | 00808nam a2200205Ia 4500 | ||
|---|---|---|---|
| 003 | OSt | ||
| 005 | 20250218094804.0 | ||
| 007 | ca aa aaaaa | ||
| 008 | 201103s9999 xx 000 0 und d | ||
| 040 | _cSSBUL | ||
| 041 | _abur | ||
| 082 |
_a၂၉၄.၃၄၃၅၁ _2၂၃ _bဝါ |
||
| 100 |
_a ဝါယာမာဘိဝံသ၊ အရှင် _918796 |
||
| 245 | 1 | 0 |
_aဆံတော်ရှင်ကျိုက်ထီးရိုးခရီးသွားမှတ်တမ်း / _cကျော်အောင်စံထားဆရာတော်ဘုရားကြီး အရှင်ဝါယာမာဘိဝံသ ။ |
| 300 |
_a၁၅၇ စာမျက်နှာ ၊ _c၂၅ စင်တီ ။ |
||
| 942 |
_cBK _2ddc |
||
| 942 | _2ddc | ||
| 942 | _2ddc | ||
| 942 | _2ddc | ||
| 999 |
_c19485 _d19485 |
||